Twenty One Pilots songs - A-Z - Statistics

General Stats
  • This quiz has been taken 152 times
  • The average score is 16 of 20
Answer Stats
Hint Answer % Correct
C Cancer / Car Radio / Center Mass / Chlorine / Choker / Christmas Saves the Year / City Walls / Clear / Cottonwood / Cut My Lip
95%
H Heathens / Heavydirtysoul / Holding On to You / Hometown / House of Gold
95%
G Garbage / Glowing Eyes / Goner / Good Day / Guns For Hands
90%
L Lane Boy / Lavish / Leave the City / Legend / Level of Concern / Levitate / Lovely
90%
S Saturday / Screen / Semi-Automatic / Shy Away / Slowtown / Smithereens / Snap Back / Stressed Out
90%
T The Contract / The Craving / The Hype / The Judge / The Pantaloon / The Run and Go / Tally / Taxi Cab / Tear in My Heart / Trapdoor / Trees / Truce / Two / The Line
90%
R Rawfear / Redecorate / Ride / Robot Voices / Routines in the Night / Ruby
89%
A Addict with a Pen / Aircatcher / Anathema / At the Risk of Feeling Dumb / A Car, a Torch, a Death
88%
D Days Lie Dormant / Doubt / Doubt (demo) / Downstairs / Drum Show
88%
B Backslide / Bandito / Be Concerned / Before You Start Your Day / Bounce Man
86%
M March to the Sea / Message Man / Midwest Indigo / Migraine / Morph / Mulberry Street / My Blood
86%
F Fairly Local / Fake You Out / Fall Away / Forest / Formidable / Friend, Please
85%
O Ode to Sleep / Oh, Ms. Believer / Oldies Station / One Way / Overcompensate
84%
I Implicit Demand for Proof / Intentions / Isle of Flightless Birds
82%
N Navigating / Neon Gravestones / Never Take It / Next Semester / Nico and the Niners / No Chances / Not Today
80%
J Johnny Boy / Jumpsuit
75%
P Paladin Strait / Pet Cheetah / Polarize
70%
V Vignette
63%
W We Don't Believe What's on TV
63%
K Kitchen Sink
56%
No matching quizzes found
Score Distribution
Percent of People with Each Score
Percentile by Number Answered
Your Score History
You have not taken this quiz